000 00364nam a2200133Ia 4500
008 100328s9999 xx 000 0 und d
082 _b40042
100 _aवैद्य सुरेश.
245 _aकठपुतली
260 _bशब्द सन्मान
630 _aकठपुतली
730 _aकठपुतली
942 _cBOOK
999 _c528843
_d528840